[Event "2. BUNDESLIGA MITTE"]
[Site "Steyregg, Fuerstenfeld/Sauwald/Villach, St. Veit/Glan, Graz"]
[Date "2016.04.16"]
[Round "10"]
[Board "1"]
[White "Schachinger, Mario"]
[Black "Kuba, Guenter"]
[Result "1-0"]
[WhiteElo "2434"]
[BlackElo "2361"]
[PlyCount "101"]
[EventDate "2015.10.02"]
[EventType "team"]
[EventRounds "11"]
[EventCountry "AUT"]
[WhiteTeam "SC MPOE Maria Saal 2"]
[BlackTeam "SPG. Sparkasse Fuerstenfeld/Hartberg"]

1. e4 e5 2. Nf3 Nc6 3. d4 exd4 4. Nxd4 Bc5 5. Nb3 Bb6 6. Qe2 Qf6 7. Nc3 Nge7 8.
Be3 Bxe3 9. Qxe3 a6 10. O-O-O O-O 11. f4 d6 12. Be2 Re8 13. g4 Qh4 14. Rhg1 b5
15. Bf3 b4 16. Ne2 Rb8 17. Nbd4 Rb6 18. Qd2 g6 19. g5 Nxd4 20. Nxd4 c5 21. Ne2
Rd8 22. Qe1 Qxe1 23. Rgxe1 Bb7 24. Ng3 Nc6 25. e5 dxe5 26. Rxd8+ Nxd8 27. Bxb7
Rxb7 28. Rxe5 Ne6 29. Ne4 Rc7 30. Nf6+ Kh8 31. Rd5 Rc8 32. Rd7 Kg7 33. Nd5 a5
34. Kd2 h6 35. gxh6+ Kxh6 36. Ke3 Kg7 37. Kf2 c4 38. Kg3 Rc5 39. c3 Rb5 40. Ne3
bxc3 41. bxc3 Nc5 42. Ra7 Ne4+ 43. Kf3 Nxc3 44. Nxc4 Nxa2 45. Nd6 Rd5 46. Nxf7
Kg8 47. Ne5 g5 48. Ng4 Kf8 49. Nf6 Rd2 50. fxg5 Rxh2 51. g6 1-0

[Event "2. BUNDESLIGA MITTE"]
[Site "Steyregg, Fuerstenfeld/Sauwald/Villach, St. Veit/Glan, Graz"]
[Date "2016.04.16"]
[Round "10"]
[Board "2"]
[White "Pilaj, Herwig"]
[Black "Handler, Lukas"]
[Result "1-0"]
[WhiteElo "2381"]
[BlackElo "2390"]
[PlyCount "87"]
[EventDate "2015.10.02"]
[EventType "team"]
[EventRounds "11"]
[EventCountry "AUT"]
[WhiteTeam "SPG. Sparkasse Fuerstenfeld/Hartberg"]
[BlackTeam "SC MPOE Maria Saal 2"]

1. c4 e5 2. g3 d6 3. Bg2 g6 4. e3 Bg7 5. Ne2 f5 6. Nbc3 Nf6 7. d3 O-O 8. O-O
Nc6 9. Rb1 Be6 10. Nd5 a5 11. Nec3 Qd7 12. a3 Kh8 13. b4 axb4 14. axb4 e4 15.
Nxf6 Rxf6 16. Nd5 Rff8 17. dxe4 fxe4 18. Bxe4 Ne5 19. Qc2 Rae8 20. Bb2 c6 21.
Bxe5 Bxe5 22. Nf4 Bg8 23. Qe2 g5 24. Nd3 Bg7 25. Bg2 Bf7 26. b5 Bg6 27. Qd2 Qc7
28. bxc6 bxc6 29. Rb3 Rb8 30. Rxb8 Rxb8 31. Rd1 Qf7 32. Bxc6 Qxc4 33. Bg2 h6
34. Bf1 Qa4 35. Rc1 Qa3 36. Qd1 d5 37. Ne1 Bb2 38. Rc6 Be8 39. Rxh6+ Kg7 40.
Ra6 Qe7 41. Qxd5 Bf6 42. Bc4 Bg6 43. Bd3 Qb4 44. Bxg6 1-0

[Event "2. BUNDESLIGA MITTE"]
[Site "Steyregg, Fuerstenfeld/Sauwald/Villach, St. Veit/Glan, Graz"]
[Date "2016.04.16"]
[Round "10"]
[Board "3"]
[White "Hartl, Daniel"]
[Black "Poetz, Florian"]
[Result "1-0"]
[WhiteElo "2267"]
[BlackElo "2385"]
[PlyCount "131"]
[EventDate "2015.10.02"]
[EventType "team"]
[EventRounds "11"]
[EventCountry "AUT"]
[WhiteTeam "SC MPOE Maria Saal 2"]
[BlackTeam "SPG. Sparkasse Fuerstenfeld/Hartberg"]

1. d4 Nf6 2. c4 c5 3. d5 e6 4. Nf3 d6 5. Nc3 exd5 6. cxd5 g6 7. Bf4 a6 8. a4
Bg7 9. h3 O-O 10. e3 Ne8 11. Be2 Nd7 12. O-O Rb8 13. Nd2 Ne5 14. Bh2 f5 15. Re1
Bd7 16. a5 Nc7 17. Qb3 g5 18. f4 gxf4 19. exf4 Nf7 20. Nf3 Ne8 21. Bd3 b5 22.
axb6 Qxb6 23. Qxb6 Rxb6 24. Rxa6 Rxb2 25. Na4 Bb5 26. Ra8 Bxa4 27. Rxa4 Nh6 28.
Re6 Rb3 29. Bc4 Rc3 30. Bg3 Nf7 31. Be1 Rc1 32. Kh2 Nc7 33. Re7 Rxc4 34. Rxc4
Nxd5 35. Rb7 Nd8 36. Rb8 Ne6 37. Rxf8+ Kxf8 38. Bd2 h5 39. Ra4 Bf6 40. Kg3 Ke8
41. Ng5 Ng7 42. Ra7 c4 43. Nf7 Be7 44. Nxd6+ Bxd6 45. Rxg7 c3 46. Bxc3 Nxc3 47.
Kh4 Bxf4 48. Kxh5 Be5 49. Rb7 f4 50. Kg6 Nd5 51. Kf5 Bc7 52. Ke6 f3 53. gxf3
Nf4+ 54. Kf5 Bd6 55. h4 Ne2 56. h5 Kf8 57. Rd7 Bb4 58. f4 Ke8 59. Rb7 Bf8 60.
Kg5 Be7+ 61. Kg4 Kf8 62. h6 Bf6 63. h7 Nd4 64. Rb8+ Kf7 65. h8=Q Bxh8 66. Rxh8
 1-0

[Event "2. BUNDESLIGA MITTE"]
[Site "Steyregg, Fuerstenfeld/Sauwald/Villach, St. Veit/Glan, Graz"]
[Date "2016.04.16"]
[Round "10"]
[Board "4"]
[White "Radnetter, Georg"]
[Black "Halvax, Georg"]
[Result "0-1"]
[WhiteElo "2323"]
[BlackElo "2337"]
[PlyCount "94"]
[EventDate "2015.10.02"]
[EventType "team"]
[EventRounds "11"]
[EventCountry "AUT"]
[WhiteTeam "SPG. Sparkasse Fuerstenfeld/Hartberg"]
[BlackTeam "SC MPOE Maria Saal 2"]

1. Nf3 d5 2. g3 e6 3. d3 c5 4. Bg2 Nc6 5. O-O g6 6. e4 Bg7 7. c3 Nge7 8. Re1
O-O 9. e5 b5 10. Be3 Nxe5 11. Bxc5 N5c6 12. a4 Rb8 13. b4 a6 14. d4 Re8 15. Na3
bxa4 16. Qxa4 Bb7 17. Bf1 Ra8 18. Qc2 Nf5 19. Bd3 Nd6 20. Ne5 Nb8 21. f4 f6 22.
Ng4 Nf7 23. Re3 Nd7 24. Rae1 e5 25. fxe5 fxe5 26. dxe5 Ndxe5 27. Nxe5 Nxe5 28.
Be2 Bh6 29. Bd1 Bxe3+ 30. Rxe3 Nc4 31. Nxc4 dxc4 32. Be2 Qd5 33. Bf3 Qf7 34.
Bxb7 Rxe3 35. Bxe3 Qxb7 36. Qd2 Qe7 37. Bd4 Rf8 38. h4 Rf3 39. Qg2 Qe1+ 40. Kh2
Qf1 41. Qa2 Rf8 42. Qxa6 Qe2+ 43. Kh3 Re8 44. Qb5 Qf1+ 45. Kg4 Re4+ 46. Kg5 Qf7
47. Kh6 Rxh4+ 0-1

[Event "2. BUNDESLIGA MITTE"]
[Site "Steyregg, Fuerstenfeld/Sauwald/Villach, St. Veit/Glan, Graz"]
[Date "2016.04.16"]
[Round "10"]
[Board "5"]
[White "Rieger, Robert"]
[Black "Stradner, Stefan"]
[Result "0-1"]
[WhiteElo "2297"]
[BlackElo "2187"]
[PlyCount "74"]
[EventDate "2015.10.02"]
[EventType "team"]
[EventRounds "11"]
[EventCountry "AUT"]
[WhiteTeam "SC MPOE Maria Saal 2"]
[BlackTeam "SPG. Sparkasse Fuerstenfeld/Hartberg"]

1. Nf3 Nf6 2. g3 g6 3. b3 Bg7 4. Bb2 d6 5. d4 c5 6. Bg2 Nc6 7. O-O O-O 8. d5
Na5 9. c4 a6 10. Nbd2 b5 11. e4 Rb8 12. Bc3 e5 13. Qc2 Bg4 14. Qd3 Ne8 15. Ne1
f5 16. f3 fxe4 17. Nxe4 Bd7 18. Bd2 bxc4 19. bxc4 Rb2 20. Nc2 Ba4 21. Na3 Rb8
22. Rab1 Nb7 23. Rb2 Nf6 24. Rfb1 Nxe4 25. fxe4 Rf7 26. Nc2 Qf6 27. Be3 Rc7 28.
Rb6 Qf8 29. Rxa6 Ra8 30. Rab6 Nd8 31. Bh3 Bh6 32. R1b2 Bxc2 33. Rxc2 Qf3 34.
Rb3 Rb7 35. Qe2 Bxe3+ 36. Rxe3 Rb1+ 37. Bf1 Rxf1+ 0-1

[Event "2. BUNDESLIGA MITTE"]
[Site "Steyregg, Fuerstenfeld/Sauwald/Villach, St. Veit/Glan, Graz"]
[Date "2016.04.16"]
[Round "10"]
[Board "6"]
[White "Hatzl, Johannes"]
[Black "Ertl, Johann"]
[Result "0-1"]
[WhiteElo "2081"]
[BlackElo "2303"]
[PlyCount "68"]
[EventDate "2015.10.02"]
[EventType "team"]
[EventRounds "11"]
[EventCountry "AUT"]
[WhiteTeam "SPG. Sparkasse Fuerstenfeld/Hartberg"]
[BlackTeam "SC MPOE Maria Saal 2"]

1. e4 e6 2. d4 d5 3. Nd2 Nf6 4. e5 Nfd7 5. Bd3 c5 6. c3 Nc6 7. Ne2 cxd4 8. cxd4
f6 9. exf6 Nxf6 10. O-O Bd6 11. Nf3 Qc7 12. h3 O-O 13. Be3 Bd7 14. Rc1 Rae8 15.
a3 Qb8 16. Re1 Re7 17. b4 Be8 18. Nh4 Nd8 19. Qd2 a6 20. f4 Ne4 21. Bxe4 dxe4
22. g3 Bc6 23. Ng2 Nf7 24. Nc3 g5 25. d5 exd5 26. Nxd5 Re6 27. Qd4 Be5 28. fxe5
Nxe5 29. Rf1 Nf3+ 30. Rxf3 exf3 31. Bxg5 Qxg3 32. Qg4 f2+ 33. Kf1 Bb5+ 34. Rc4
Re1+ 0-1

[Event "2. BUNDESLIGA MITTE"]
[Site "Steyregg, Fuerstenfeld/Sauwald/Villach, St. Veit/Glan, Graz"]
[Date "2016.04.16"]
[Round "10"]
[Board "1"]
[White "Kozul, Zdenko"]
[Black "Freitag, Manfred"]
[Result "1/2-1/2"]
[WhiteElo "2600"]
[BlackElo "2378"]
[PlyCount "84"]
[EventDate "2015.10.02"]
[EventType "team"]
[EventRounds "11"]
[EventCountry "AUT"]
[WhiteTeam "SV Wolfsberg"]
[BlackTeam "ESV Austria Graz"]

1. d4 Nf6 2. c4 e6 3. g3 d5 4. Bg2 Be7 5. e3 O-O 6. Ne2 dxc4 7. Nd2 e5 8. Nxc4
exd4 9. Qxd4 c5 10. Qxd8 Rxd8 11. Na5 Nd5 12. Bd2 Nc6 13. Nxc6 bxc6 14. Ba5 Re8
15. Rc1 Rb8 16. b3 Be6 17. O-O Rec8 18. Rfd1 g5 19. h3 Rb5 20. Be1 Rb6 21. Nc3
Nxc3 22. Bxc3 a5 23. g4 Ra8 24. f4 gxf4 25. exf4 a4 26. f5 Bd5 27. f6 Bf8 28.
bxa4 Rxa4 29. Bxd5 cxd5 30. Rxd5 Rxa2 31. Rd8 Rd6 32. Rxd6 Bxd6 33. Rd1 Bh2+
34. Kh1 h6 35. Rd8+ Kh7 36. Rf8 Bf4 37. Rxf7+ Kg8 38. Rd7 Rh2+ 39. Kg1 Rxh3 40.
f7+ Kf8 41. Be1 Re3 42. Bf2 Re7 1/2-1/2

[Event "2. BUNDESLIGA MITTE"]
[Site "Steyregg, Fuerstenfeld/Sauwald/Villach, St. Veit/Glan, Graz"]
[Date "2016.04.16"]
[Round "10"]
[Board "3"]
[White "Cebalo, Miso"]
[Black "Ebner, Hubert"]
[Result "1-0"]
[WhiteElo "2408"]
[BlackElo "2229"]
[PlyCount "109"]
[EventDate "2015.10.02"]
[EventType "team"]
[EventRounds "11"]
[EventCountry "AUT"]
[WhiteTeam "SV Wolfsberg"]
[BlackTeam "ESV Austria Graz"]

1. d4 Nf6 2. Bg5 c5 3. d5 Qb6 4. Nc3 g6 5. e4 Bg7 6. Rb1 d6 7. h3 a6 8. Nf3 Qa5
9. Bd2 Qc7 10. a4 O-O 11. Bc4 e5 12. O-O h6 13. Re1 b6 14. Bf1 Nbd7 15. b3 Rb8
16. Nh4 Kh7 17. g3 Ng8 18. Bd3 Ndf6 19. Kg2 Qd7 20. Rh1 Qd8 21. Qe2 Ra8 22. b4
Nd7 23. Be3 Ngf6 24. bxc5 Nxc5 25. Bxc5 bxc5 26. Nf3 Nh5 27. Nd2 Bf6 28. Nc4
Be7 29. Nb6 Ra7 30. Nxc8 Qxc8 31. Rb6 c4 32. Bxc4 Qc5 33. Rc6 Qa5 34. Qd3 Nf6
35. Bxa6 Nd7 36. Qb5 Qd8 37. Rb1 Qa8 38. Bb7 Qb8 39. a5 Nc5 40. a6 f5 41. Rxc5
dxc5 42. Qd7 Qd6 43. Qxd6 Bxd6 44. Rb6 Bb8 45. Re6 Rf7 46. d6 Kg7 47. Nb5 Raxb7
48. axb7 Rxb7 49. c4 fxe4 50. Rxe5 Kf6 51. Rxc5 Rd7 52. Rd5 Ke6 53. Nd4+ Kf6
54. c5 g5 55. Nc6 1-0

[Event "2. BUNDESLIGA MITTE"]
[Site "Steyregg, Fuerstenfeld/Sauwald/Villach, St. Veit/Glan, Graz"]
[Date "2016.04.16"]
[Round "10"]
[Board "4"]
[White "Fahrner, Kurt"]
[Black "Reichmann, Egon"]
[Result "1/2-1/2"]
[WhiteElo "2294"]
[BlackElo "2267"]
[PlyCount "20"]
[EventDate "2015.10.02"]
[EventType "team"]
[EventRounds "11"]
[EventCountry "AUT"]
[WhiteTeam "ESV Austria Graz"]
[BlackTeam "SV Wolfsberg"]

1. d4 d5 2. Bf4 c6 3. e3 Bf5 4. Bd3 Bg6 5. Ne2 Qb6 6. b3 Nf6 7. O-O e6 8. e4 (
8. c4 Be7 9. Nbc3 O-O 10. Bxg6 hxg6 11. Qd3 Nbd7 12. e4 Nxe4 13. Nxe4 dxe4 14.
Qxe4 Nf6 15. Qf3 c5 16. Be3 Rfc8 17. Rfd1 cxd4 18. Nxd4 Bc5 19. Nc2 Bxe3 20.
Nxe3 Qc6 21. Qxc6 Rxc6 22. Rd3 Kf8 23. Rad1 Ke7 24. h3 Rc7 25. Kf1 Rd7 26.
Rxd7+ Nxd7 27. Ke2 a5 28. Kd3 Nc5+ 29. Kd4 b6 30. f3 g5 31. Kc3 Ra7 32. a3 Ra8
33. Nc2 Rd8 34. Rxd8 Kxd8 35. b4 axb4+ 36. axb4 Nd7 37. Kd4 Kc7 38. Ne1 Kd6 39.
Nd3 e5+ 40. Ke4 Ke6 41. g4 f6 (41... g6 42. Nb2 f5+ 43. Ke3 Kd6 44. Na4 Kc6 45.
Nc3 Nf6 46. Kd3 Kd6 47. Na4 Kc6 48. Nc3 Kd6 49. Nd1) 42. Nb2 f5+ 43. Ke3 Kd6
44. Na4 Kc6 45. Nc3 Nf6 46. Kd3 Kd6 47. Na4 Kc6) 8... Be7 9. Nbc3 O-O 10. exd5
exd5 1/2-1/2

[Event "2. BUNDESLIGA MITTE"]
[Site "Steyregg, Fuerstenfeld/Sauwald/Villach, St. Veit/Glan, Graz"]
[Date "2016.04.16"]
[Round "10"]
[Board "5"]
[White "Waldmann, Gerald"]
[Black "Spindelboeck, Gernot"]
[Result "1/2-1/2"]
[WhiteElo "2123"]
[BlackElo "2262"]
[PlyCount "42"]
[EventDate "2015.10.02"]
[EventType "team"]
[EventRounds "11"]
[EventCountry "AUT"]
[WhiteTeam "SV Wolfsberg"]
[BlackTeam "ESV Austria Graz"]

1. b3 e5 2. Bb2 Nc6 3. e3 Nf6 4. Nf3 e4 5. Nd4 Nxd4 6. Bxd4 d6 7. Bb2 Be7 8.
Be2 O-O 9. O-O d5 10. c4 Be6 11. cxd5 Nxd5 12. Nc3 Nxc3 13. Bxc3 Qd5 14. f3 Bf5
15. fxe4 Bxe4 16. Rf4 Bg6 17. Bf3 Qb5 18. a4 Qa6 19. Be2 Qc6 20. Bf3 Qa6 21.
Be2 Qc6 1/2-1/2

[Event "2. BUNDESLIGA MITTE"]
[Site "Steyregg, Fuerstenfeld/Sauwald/Villach, St. Veit/Glan, Graz"]
[Date "2016.04.16"]
[Round "10"]
[Board "6"]
[White "Aschenbrenner, Robert"]
[Black "Stagl, Marco"]
[Result "1/2-1/2"]
[WhiteElo "2212"]
[BlackElo "2057"]
[PlyCount "85"]
[EventDate "2015.10.02"]
[EventType "team"]
[EventRounds "11"]
[EventCountry "AUT"]
[WhiteTeam "ESV Austria Graz"]
[BlackTeam "SV Wolfsberg"]

1. d4 d5 2. Nf3 Nf6 3. c4 e6 4. Nc3 a6 5. cxd5 exd5 6. Bg5 Bb4 7. Qa4+ Nc6 8.
a3 Bxc3+ 9. bxc3 h6 10. Bh4 g5 11. Bg3 Ne4 12. Ne5 b5 13. Nxc6 bxa4 14. Nxd8
Kxd8 15. e3 Nxc3 16. Rc1 Nb5 17. Bxb5 axb5 18. Bxc7+ Ke7 19. h4 Bd7 20. Bb6
Rac8 21. Rxc8 Rxc8 22. Bc5+ Kf6 23. hxg5+ Kxg5 24. Kd2 h5 25. f3 Re8 26. g3 f5
27. Bd6 Rc8 28. Be5 Re8 29. Rc1 Kg6 30. Bd6 Rc8 31. Rxc8 Bxc8 32. Kc3 Kf7 33.
Kb4 Bd7 34. Kc5 Ke6 35. Bc7 Be8 36. Ba5 Bd7 37. Kb6 Be8 38. Kc7 Bd7 39. Be1 Be8
40. Bb4 Bf7 41. Kb6 Be8 42. Kc7 Bf7 43. Kb6 1/2-1/2

[Event "2. BUNDESLIGA MITTE"]
[Site "Steyregg, Fuerstenfeld/Sauwald/Villach, St. Veit/Glan, Graz"]
[Date "2016.04.17"]
[Round "11"]
[Board "1"]
[White "Frosch, Ronald"]
[Black "Wisnet, Dominic"]
[Result "0-1"]
[WhiteElo "2239"]
[BlackElo "2302"]
[PlyCount "80"]
[EventDate "2015.10.02"]
[EventType "team"]
[EventRounds "11"]
[EventCountry "AUT"]
[WhiteTeam "RbEJ Gleisdorf"]
[BlackTeam "SPG Sauwald 2"]

1. d4 Nf6 2. Nf3 e6 3. e3 b6 4. Bd3 Bb7 5. Nbd2 c5 6. c3 Be7 7. O-O d6 8. Qe2
Nbd7 9. e4 Qc7 10. a4 e5 11. d5 h6 12. Nc4 g6 13. g3 a6 14. Ne3 Bc8 15. Nh4 Ng8
16. Nhg2 Bf6 17. f4 Bg7 18. h4 Ngf6 19. f5 c4 20. Nxc4 gxf5 21. Rxf5 Nc5 22.
Nge3 Rg8 23. Qc2 Bxf5 24. Nxf5 Bf8 25. Be3 Ncxe4 26. Nxb6 Nxg3 27. Nxa8 Nxf5+
28. Kh2 Ng4+ 29. Kh3 Qd8 30. Bxf5 Nxe3 31. Qf2 Nxf5 32. Qxf5 Qxa8 33. c4 Qb7
34. Rf1 Rg7 35. Rf3 a5 36. c5 dxc5 37. Qxe5+ Kd8 38. Qf6+ Kc8 39. Re3 Qd7+ 40.
Kh2 Qd6+ 0-1

[Event "2. BUNDESLIGA MITTE"]
[Site "Steyregg, Fuerstenfeld/Sauwald/Villach, St. Veit/Glan, Graz"]
[Date "2016.04.17"]
[Round "11"]
[Board "2"]
[White "Knechtel, Roland"]
[Black "Manhardt, Thomas"]
[Result "0-1"]
[WhiteElo "2287"]
[BlackElo "2237"]
[PlyCount "72"]
[EventDate "2015.10.02"]
[EventType "team"]
[EventRounds "11"]
[EventCountry "AUT"]
[WhiteTeam "SPG Sauwald 2"]
[BlackTeam "RbEJ Gleisdorf"]

1. d4 f5 2. Nf3 Nf6 3. c4 g6 4. Nc3 Bg7 5. e3 O-O 6. b4 d6 7. Qb3 c5 8. bxc5
dxc5 9. d5 Ne4 10. Bb2 Qb6 11. Rc1 Na6 12. Be2 Qxb3 13. axb3 Nb4 14. Nd1 e6 15.
Bxg7 Kxg7 16. dxe6 Bxe6 17. Nc3 Nxc3 18. Rxc3 Kf6 19. O-O Rfd8 20. Rcc1 a5 21.
Rfd1 Rxd1+ 22. Bxd1 Rd8 23. Kf1 a4 24. Ra1 a3 25. Ke2 a2 26. Ne1 b5 27. cxb5 c4
28. bxc4 Bxc4+ 29. Kf3 Bxb5 30. Bb3 Rd2 31. Kg3 Rb2 32. Bxa2 Nxa2 33. Nf3 Nc3
34. Ra7 Ne4+ 35. Kf4 Rxf2 36. h4 h6 0-1

[Event "2. BUNDESLIGA MITTE"]
[Site "Steyregg, Fuerstenfeld/Sauwald/Villach, St. Veit/Glan, Graz"]
[Date "2016.04.17"]
[Round "11"]
[Board "3"]
[White "Wegerer, Fred"]
[Black "Stadler, Alexander"]
[Result "1-0"]
[WhiteElo "2128"]
[BlackElo "2113"]
[PlyCount "69"]
[EventDate "2015.10.02"]
[EventType "team"]
[EventRounds "11"]
[EventCountry "AUT"]
[WhiteTeam "RbEJ Gleisdorf"]
[BlackTeam "SPG Sauwald 2"]

1. e4 d6 2. d4 Nf6 3. Nc3 e5 4. Nf3 Nbd7 5. Bc4 Be7 6. a4 O-O 7. a5 exd4 8.
Qxd4 Ne5 9. Be2 Re8 10. O-O Nxf3+ 11. Bxf3 Ng4 12. a6 Bf6 13. Qb4 Rb8 14. Bxg4
Bxc3 15. bxc3 Bxg4 16. axb7 c5 17. Qb3 Be6 18. c4 Qb6 19. Qg3 Rxb7 20. Bh6 f6
21. f3 Bxc4 22. Rfd1 Rd8 23. h4 d5 24. exd5 Bxd5 25. Kh2 Be6 26. Rdb1 Qc7 27.
Rxb7 Qxb7 28. Rb1 Qf7 29. Be3 Qh5 30. Rb7 g5 31. Bxc5 Rd7 32. Qb8+ Kg7 33.
Rxd7+ Bxd7 34. Qf8+ Kg6 35. Qg8+ 1-0

[Event "2. BUNDESLIGA MITTE"]
[Site "Steyregg, Fuerstenfeld/Sauwald/Villach, St. Veit/Glan, Graz"]
[Date "2016.04.17"]
[Round "11"]
[Board "4"]
[White "Lautner, Josef"]
[Black "Sandner, Wolfgang"]
[Result "1/2-1/2"]
[WhiteElo "2211"]
[BlackElo "2252"]
[PlyCount "83"]
[EventDate "2015.10.02"]
[EventType "team"]
[EventRounds "11"]
[EventCountry "AUT"]
[WhiteTeam "SPG Sauwald 2"]
[BlackTeam "RbEJ Gleisdorf"]

1. d4 Nf6 2. c4 g6 3. f3 c5 4. d5 d6 5. Nc3 Bg7 6. e4 Na6 7. Bg5 h6 8. Be3 Bd7
9. Qd2 Qa5 10. Nge2 Nc7 11. Nc1 Ba4 12. a3 Nd7 13. b4 Qa6 14. Ra2 b5 15. Kf2
bxc4 16. Nxa4 Qxa4 17. Bxc4 O-O 18. Bb3 Qb5 19. Nd3 cxb4 20. axb4 Nb6 21. Ra5
Qd7 22. Bxh6 Rfc8 23. Bxg7 Kxg7 24. Qb2+ f6 25. Raa1 Nb5 26. Rac1 Rxc1 27. Rxc1
Rc8 28. Nf4 Kh7 29. Ne6 Qb7 30. Qd2 Nc7 31. Rxc7 Rxc7 32. Qf4 Rc8 33. Qh4+ Kg8
34. Qh6 Kf7 35. Qg7+ Ke8 36. Qxg6+ Kd7 37. Qf5 Ke8 38. Qh5+ Kd7 39. Qg4 Ke8 40.
Qg8+ Kd7 41. Qg4 Ke8 42. Qg6+ 1/2-1/2

[Event "2. BUNDESLIGA MITTE"]
[Site "Steyregg, Fuerstenfeld/Sauwald/Villach, St. Veit/Glan, Graz"]
[Date "2016.04.17"]
[Round "11"]
[Board "5"]
[White "Wanderer, Thomas"]
[Black "Maier, Christoph"]
[Result "1-0"]
[WhiteElo "2197"]
[BlackElo "2125"]
[PlyCount "71"]
[EventDate "2015.10.02"]
[EventType "team"]
[EventRounds "11"]
[EventCountry "AUT"]
[WhiteTeam "RbEJ Gleisdorf"]
[BlackTeam "SPG Sauwald 2"]

1. e4 d5 2. exd5 Qxd5 3. Nc3 Qa5 4. d4 c6 5. Nf3 Nf6 6. Bc4 Bf5 7. O-O e6 8.
Re1 Nbd7 9. h3 Qc7 10. Nh4 Bg6 11. Nxg6 hxg6 12. a3 Bd6 13. Ba2 O-O 14. Qf3
Rfe8 15. Ne4 Nxe4 16. Rxe4 Nf6 17. Re2 Rad8 18. Bg5 Be7 19. Bf4 Bd6 20. Bg5 Be7
21. Bf4 Qc8 22. Rae1 Nd5 23. Bg3 Bf6 24. c3 b5 25. h4 a5 26. Bb1 Ne7 27. h5
gxh5 28. Qxh5 g6 29. Qf3 Nf5 30. Bf4 Bg7 31. g4 Ne7 32. Be5 a4 33. Kg2 Nd5 34.
Rh1 Bxe5 35. Rxe5 Qc7 36. Rxd5 1-0

[Event "2. BUNDESLIGA MITTE"]
[Site "Steyregg, Fuerstenfeld/Sauwald/Villach, St. Veit/Glan, Graz"]
[Date "2016.04.17"]
[Round "11"]
[Board "6"]
[White "Zauner, Christoph"]
[Black "Ofner, Maximilian"]
[Result "1-0"]
[WhiteElo "2041"]
[BlackElo "2189"]
[PlyCount "69"]
[EventDate "2015.10.02"]
[EventType "team"]
[EventRounds "11"]
[EventCountry "AUT"]
[WhiteTeam "SPG Sauwald 2"]
[BlackTeam "RbEJ Gleisdorf"]

1. d4 d5 2. c4 e6 3. Nc3 Nf6 4. Nf3 Be7 5. Bg5 h6 6. Bxf6 Bxf6 7. e3 O-O 8. Qc2
b6 9. cxd5 exd5 10. O-O-O Be6 11. Ne5 c5 12. f4 Bxe5 13. dxe5 Nc6 14. a3 d4 15.
Qe4 Qc8 16. Bd3 g6 17. Nb5 c4 18. Nd6 Qc7 19. Be2 d3 20. Bf3 Na5 21. f5 Bxf5
22. Nxf5 gxf5 23. Qxf5 Qc8 24. Qf4 c3 25. Rxd3 Nb3+ 26. Kc2 cxb2+ 27. Kxb3 Qc1
28. Rxc1 bxc1=Q 29. Rd1 Qc5 30. Rd6 f6 31. Bd5+ Rf7 32. Bxf7+ Kxf7 33. Qxf6+
Ke8 34. Re6+ Kd7 35. Qf7+ 1-0

[Event "2. BUNDESLIGA MITTE"]
[Site "Steyregg, Fuerstenfeld/Sauwald/Villach, St. Veit/Glan, Graz"]
[Date "2016.04.17"]
[Round "11"]
[Board "1"]
[White "Huber, Martin Christian"]
[Black "Sandhoefner, Florian"]
[Result "1-0"]
[WhiteElo "2390"]
[BlackElo "2229"]
[PlyCount "87"]
[EventDate "2015.10.02"]
[EventType "team"]
[EventRounds "11"]
[EventCountry "AUT"]
[WhiteTeam "Schachfreunde Graz"]
[BlackTeam "ASK Case IH SteyrSt. Valentin"]

1. Nf3 d5 2. g3 Nf6 3. Bg2 c6 4. O-O Bf5 5. c4 e6 6. cxd5 exd5 7. d3 Be7 8. Qb3
Qb6 9. Qc2 h6 10. Nc3 Nbd7 11. e4 dxe4 12. dxe4 Bh7 13. Qe2 Nc5 14. Ne5 O-O 15.
Re1 Rad8 16. Bf4 Ne6 17. Be3 Qc7 18. f4 Bc5 19. Rad1 Rxd1 20. Rxd1 Rd8 21.
Rxd8+ Qxd8 22. Bxc5 Nxc5 23. Qc4 Ne6 24. f5 Qd4+ 25. Qxd4 Nxd4 26. Kf2 Ne8 27.
Ke3 c5 28. Nd5 f6 29. Nd7 b6 30. Ne7+ Kf7 31. Nc8 Nc6 32. e5 Nb4 33. e6+ Kg8
34. Ne7+ Kh8 35. a3 Nc2+ 36. Kf4 Nd4 37. g4 Nd6 38. Bd5 h5 39. h3 hxg4 40. hxg4
c4 41. Ke3 c3 42. bxc3 Nc2+ 43. Kd3 Nxa3 44. c4 1-0

[Event "2. BUNDESLIGA MITTE"]
[Site "Steyregg, Fuerstenfeld/Sauwald/Villach, St. Veit/Glan, Graz"]
[Date "2016.04.17"]
[Round "11"]
[Board "2"]
[White "Theuretzbacher, Klaus"]
[Black "Schnider, Gert"]
[Result "0-1"]
[WhiteElo "2238"]
[BlackElo "2333"]
[PlyCount "106"]
[EventDate "2015.10.02"]
[EventType "team"]
[EventRounds "11"]
[EventCountry "AUT"]
[WhiteTeam "ASK Case IH SteyrSt. Valentin"]
[BlackTeam "Schachfreunde Graz"]

1. e4 e5 2. Nf3 Nc6 3. Nc3 Nf6 4. a3 d5 5. Bb5 Nxe4 6. Nxe5 Qg5 7. Nxc6 Qxg2 8.
Rf1 a6 9. Ba4 Nxc3 10. dxc3 Qe4+ 11. Qe2 Qxe2+ 12. Kxe2 Bd7 13. Bf4 bxc6 14.
Bxc7 c5 15. Bxd7+ Kxd7 16. Bf4 Bd6 17. Bxd6 Kxd6 18. Rfd1 Rhe8+ 19. Kf3 Re4 20.
Rd2 Rae8 21. Rad1 R8e5 22. Kg3 Rg5+ 23. Kf3 Rh4 24. b3 Rh3+ 25. Kf4 f6 26. c4
d4 27. b4 h5 28. Rd3 Rg4+ 29. Kf5 Ke7 30. Re1+ Kf7 31. f4 Rhh4 32. Ke4 Rxf4+
33. Kd5 cxb4 34. axb4 Rxh2 35. c3 dxc3 36. Rxc3 Rb2 37. c5 Rd2+ 38. Kc6 Rxb4
39. Kc7 h4 40. c6 g5 41. Kc8 g4 42. c7 g3 43. Rce3 g2 44. Re7+ Kg6 45. Re8 h3
46. Rd8 h2 47. Rh8 g1=Q 48. Rxg1+ hxg1=Q 49. Rg8+ Kf7 50. Rxg1 Rc2 51. Rh1 Rbc4
52. Kd8 Rxc7 53. Rh7+ Kg6 0-1

[Event "2. BUNDESLIGA MITTE"]
[Site "Steyregg, Fuerstenfeld/Sauwald/Villach, St. Veit/Glan, Graz"]
[Date "2016.04.17"]
[Round "11"]
[Board "3"]
[White "Domarkaite, Laima"]
[Black "Heimberger, Reinhard"]
[Result "1-0"]
[WhiteElo "2142"]
[BlackElo "2284"]
[PlyCount "87"]
[EventDate "2015.10.02"]
[EventType "team"]
[EventRounds "11"]
[EventCountry "AUT"]
[WhiteTeam "Schachfreunde Graz"]
[BlackTeam "ASK Case IH SteyrSt. Valentin"]

1. e4 c5 2. c3 Nf6 3. e5 Nd5 4. Nf3 d6 5. d4 cxd4 6. cxd4 Nc6 7. Bc4 e6 8. O-O
Be7 9. Qe2 O-O 10. a3 b6 11. Qe4 Bb7 12. Bd3 g6 13. Bh6 Re8 14. Rd1 Na5 15. Qg4
Nb3 16. Ra2 dxe5 17. dxe5 Qc7 18. h4 Nc5 19. Rc1 Qd7 20. Bc2 f5 21. exf6 Nxf6
22. Qh3 Bd5 23. Ra1 Nce4 24. Ne5 Qb5 25. Nc3 Nxc3 26. bxc3 Qe2 27. Be3 Qh5 28.
Bd4 g5 29. c4 g4 30. Qg3 Be4 31. Bd1 Rad8 32. Bxg4 Nxg4 33. Nxg4 Bg6 34. Bf6
Kf7 35. Qf4 Bf5 36. Bxe7 Kxe7 37. Ne5 Rd6 38. c5 bxc5 39. Rxc5 Rd1+ 40. Rxd1
Qxd1+ 41. Kh2 Qh5 42. Rc7+ Kf8 43. Qd4 Re7 44. Nd7+ 1-0